| 000 | 00960cam a2200301Ia 4500 | ||
|---|---|---|---|
| 001 | zpgpl0 b1320759 | ||
| 003 | OCoLC | ||
| 005 | 20230623101030.0 | ||
| 008 | 960612s1991 ag a 000 1 spa d | ||
| 020 | _a9500410427 | ||
| 020 | _a9789500410427 | ||
| 040 |
_aONT _cONT _dJED _dCGL |
||
| 041 | 1 |
_aspa _heng |
|
| 100 | 1 | _aScarry, Richard. | |
| 240 | 1 | 0 |
_aThings that go. _lSpanish. |
| 245 | 1 | 0 |
_aCosas que se mueven / _cRichard Scarry ; traduccion, Juan Forn. |
| 260 |
_aBuenos Aires : _bEmece Editores, _cc1991. |
||
| 300 |
_a[24] p. : _bcol. ill. ; _c21 cm. |
||
| 440 | 0 | _aPequeno Emece | |
| 500 | _aTranslation of : Things that go. | ||
| 520 | _aDepicts many different kinds of things that go, including bicycles, trains, boats, and planes. | ||
| 650 | 0 |
_aVehicles _vJuvenile literature. |
|
| 650 | 0 |
_aTransportation _vJuvenile literature. |
|
| 650 | 1 | _aVehicles. | |
| 650 | 1 | _aTransportation. | |
| 650 | 7 |
_aTransporte. _2bidex. |
|
| 942 | _cBK | ||
| 999 |
_c28193 _d28193 |
||